| 000 | 00717nam a22002057a 4500 | ||
|---|---|---|---|
| 003 | Nust | ||
| 005 | 20241210113540.0 | ||
| 008 | 170216b xxu||||| |||| 00| 0 eng d | ||
| 040 | _cNust-MCE | ||
| 082 | _a200 | ||
| 100 |
_aZarmina Zahoor _950928 |
||
| 245 |
_aEffective implementation of national disaster response plan 2010 at district level for flood management/ _cZarmina Zahoor |
||
| 260 |
_aRisalpur, _bMCE, _c2014. |
||
| 300 | _a93p. | ||
| 526 | _aMS-Construction Engineering and Management | ||
| 650 |
_aMS-Construction Engineering and Management _9126573 |
||
| 700 |
_aSupervisor: Dr. Syed Hassan Farooq _9127064 |
||
| 856 | _u http://10.250.8.41:8080/xmlui/handle/123456789/11791 | ||
| 942 |
_cSC _2ddc |
||
| 999 |
_c232362 _d232362 |
||